00729nam a22002297a 4500003000200000005001700002008000200019010001300021020002200034035002300056037001600079040001500095082001500110100001800125245010800143260003900251270011900290300002000409500001900429650002800448650002300476020180726160232.00 aA-808561 c00.00a8172244223 aA-808561, A-808562 bCen Lib/Ret aDPLbENc0 a302.3bANA aAnastasi, Tom aHow to negotiate with different types of personalities :cby Tom Anastasi bconflict without casualty / aBombaybSterling Publishers c1995 a21, M G Road bBombaye400001 a192p.c20cm(Hb) aIncludes index aPersonality negotiation aSocial interaction